The chronicle of Joshua the Stylite composed in syriac A.D. 507 / (Record no. 156429)

MARC details
000 -LEADER
campo de control de longitud fija 00739nam a2200205 i 4500
001 - NÚMERO DE CONTROL
campo de control 156429
003 - IDENTIFICADOR DE NÚMERO DE CONTROL
campo de control ES-MaACL
005 - FECHA Y HORA DE LA ÚLTIMA TRANSACCIÓN
campo de control 20230906210415.0
008 - DATOS DE LONGITUD FIJA--INFORMACIÓN GENERAL
campo de control de longitud fija 050907s1882 xxkb | |||||||| ||eng d
040 ## - FUENTE DE CATALOGACIÓN
Centro catalogador/agencia de origen CAM
Lengua de catalogación spa
Centro/agencia transcriptor CAM
245 04 - MENCIÓN DEL TÍTULO
Título The chronicle of Joshua the Stylite composed in syriac A.D. 507 /
Mención de responsabilidad, etc. with a translation into english and notes by W. Wright.
260 ## - PUBLICACIÓN, DISTRIBUCIÓN, ETC.
Lugar de publicación, distribución, etc. Oxford :
Nombre del editor, distribuidor, etc. Syndics of the University Press,
Fecha de publicación, distribución, etc. 1882 (
Fabricante University Press)
300 ## - DESCRIPCIÓN FÍSICA
Extensión X, 84, 92 p., [2] h. pleg. de mapas ;
Dimensiones 22 cm.
597 ## - NOTA DE DESCRIPCIÓN FÍSICA
NOTA DE DESCRIPCIÓN FÍSICA Las 92 p. escritas en siriaco.
651 #4 - PUNTO DE ACCESO ADICIONAL DE MATERIA--NOMBRE GEOGRÁFICO
Nombre geográfico Siria-
Subdivisión general Historia.
9 (RLIN) 162366
651 #4 - PUNTO DE ACCESO ADICIONAL DE MATERIA--NOMBRE GEOGRÁFICO
Nombre geográfico Iraq-
Subdivisión general Historia.
9 (RLIN) 162367
700 0# - ENTRADA AGREGADA--NOMBRE PERSONAL
Nombre de persona Wright, W.
9 (RLIN) 117424
852 ## - LOCALIZACIÓN
Ubicación ES-MaACL
Número de control de estantería C-841
Nota libre -- Enc. tela
Holdings
Estatus retirado Estado de pérdida Estado de daño No para préstamo Colección Biblioteca de origen Biblioteca actual Ubicación en estantería Fecha de adquisición Fuente de adquisición Total de préstamos Signatura topográfica completa Código de barras Visto por última vez Precio de reemplazo Tipo de ítem Koha
        Libros del s. XIX Biblioteca del Ateneo de Madrid Biblioteca del Ateneo de Madrid Sala Palomar 17/01/2008     C-841 1163659 23/02/2023 23/02/2023 Libro impreso antiguo